<?xml version="1.0" encoding="UTF-8"?>
<record
    xmlns:xsi="http://www.w3.org/2001/XMLSchema-instance"
    xsi:schemaLocation="http://www.loc.gov/MARC21/slim http://www.loc.gov/standards/marcxml/schema/MARC21slim.xsd"
    xmlns="http://www.loc.gov/MARC21/slim">

  <leader>01813nam a22002417a 4500</leader>
  <controlfield tag="003">DO-SdBNP</controlfield>
  <controlfield tag="005">20210907160018.0</controlfield>
  <controlfield tag="007">ta</controlfield>
  <controlfield tag="008">210907e2017       a|||| |||| 001 0 spa d</controlfield>
  <datafield tag="040" ind1=" " ind2=" ">
    <subfield code="a">DO-SdBNP</subfield>
    <subfield code="b">spa</subfield>
    <subfield code="c">BNPHU</subfield>
  </datafield>
  <datafield tag="082" ind1="4" ind2=" ">
    <subfield code="2">22</subfield>
    <subfield code="a">373.011</subfield>
    <subfield code="b">R426d</subfield>
  </datafield>
  <datafield tag="110" ind1=" " ind2=" ">
    <subfield code="9">76280</subfield>
    <subfield code="a">Rep&#xFA;blica Dominicana.</subfield>
    <subfield code="b">Ministerio de Educaci&#xF3;n. Viceministerio de Servicios T&#xE9;cnicos y Pedag&#xF3;gicos. </subfield>
    <subfield code="e">Proceso de revisi&#xF3;n y actualizaci&#xF3;n curricular /</subfield>
  </datafield>
  <datafield tag="245" ind1="1" ind2="0">
    <subfield code="a">Dise&#xF1;o curricular nivel secundario : </subfield>
    <subfield code="b">modalidad acad&#xE9;mica segundo ciclo 4to, 5to y 6to versi&#xF3;n preliminar para revisi&#xF3;n y retroalimentaci&#xF3;n /</subfield>
    <subfield code="c">Ministerio de Educaci&#xF3;n </subfield>
  </datafield>
  <datafield tag="260" ind1=" " ind2=" ">
    <subfield code="a">Santo Domingo :</subfield>
    <subfield code="b">MINERD,</subfield>
    <subfield code="c">2017.</subfield>
  </datafield>
  <datafield tag="300" ind1=" " ind2=" ">
    <subfield code="a">617 p. : </subfield>
    <subfield code="b">il.; </subfield>
    <subfield code="c">27 cm.</subfield>
  </datafield>
  <datafield tag="500" ind1=" " ind2=" ">
    <subfield code="a">Incluye &#xED;ndice.</subfield>
  </datafield>
  <datafield tag="505" ind1=" " ind2=" ">
    <subfield code="a">Primera parte.</subfield>
    <subfield code="t">1. Nivel Secundario --
</subfield>
    <subfield code="t">2. Componentes del dise&#xF1;o curricular--
</subfield>
    <subfield code="t">3. Perfil de egreso --</subfield>
    <subfield code="t">4Competencias fundamentales y niveles de dominio correspondientes a la educaci&#xF3;n secundaria --</subfield>
    <subfield code="t">5. Estrategias para la articulaci&#xF3;n de las &#xE1;reas de conocimiento --</subfield>
    <subfield code="t">6. Perfil del  y la docente del nivel secundario --</subfield>
    <subfield code="t">7. Centro Educativo --</subfield>
    <subfield code="t">8. La orientaci&#xF3;n educativa --</subfield>
  </datafield>
  <datafield tag="505" ind1=" " ind2=" ">
    <subfield code="a">Segunda parte</subfield>
    <subfield code="t">Lengua Espa&#xF1;ola  1er. 2do. 3er. grado --</subfield>
    <subfield code="t">Lenguas Extranjeras( Ingl&#xE9;s) 1er. 2do. 3er. grado --</subfield>
    <subfield code="t">Lenguas Extranjeras( Franc&#xE9;s) 1er. 2do. 3er. grado  --</subfield>
    <subfield code="t">Matem&#xE1;tica 1er. 2do. 3er. grado --</subfield>
    <subfield code="t">Ciencias Sociales 1er. 2do. 3er. grado --</subfield>
    <subfield code="t">Ciencias de la Naturaleza 1er. 2do. 3er. grado --</subfield>
    <subfield code="t">Educaci&#xF3;n Art&#xED;stica 1er. 2do. 3er. grado --</subfield>
    <subfield code="t">Educaci&#xF3;n Art&#xED;stica 1er. 2do. 3er. grado --</subfield>
    <subfield code="t">Educaci&#xF3;n F&#xED;sica 1er. 2do. 3er. grado --</subfield>
    <subfield code="t">Formaci&#xF3;n Integral Humana y Religiosa 1er. 2do. 3er. grado --</subfield>
  </datafield>
  <datafield tag="590" ind1=" " ind2=" ">
    <subfield code="a">Inventariado, 2021 / SA</subfield>
  </datafield>
  <datafield tag="650" ind1=" " ind2="4">
    <subfield code="9">79439</subfield>
    <subfield code="a">Dise&#xF1;o curricular</subfield>
    <subfield code="z">Rep&#xFA;blica Dominicana</subfield>
  </datafield>
  <datafield tag="910" ind1=" " ind2=" ">
    <subfield code="a">Saquino</subfield>
  </datafield>
  <datafield tag="942" ind1=" " ind2=" ">
    <subfield code="2">ddc</subfield>
    <subfield code="c">LBS1</subfield>
  </datafield>
  <datafield tag="952" ind1=" " ind2=" ">
    <subfield code="0">0</subfield>
    <subfield code="1">0</subfield>
    <subfield code="2">ddc</subfield>
    <subfield code="5">1</subfield>
    <subfield code="7">0</subfield>
    <subfield code="8">MO</subfield>
    <subfield code="a">BNPHU</subfield>
    <subfield code="b">PD</subfield>
    <subfield code="c">CT</subfield>
    <subfield code="d">2018-09-10</subfield>
    <subfield code="e">Deposito Legal</subfield>
    <subfield code="l">0</subfield>
    <subfield code="o">BNPHU PD 373.011 R426d</subfield>
    <subfield code="p">2021-26208</subfield>
    <subfield code="r">2021-09-07</subfield>
    <subfield code="w">2021-09-07</subfield>
    <subfield code="y">LBS1</subfield>
    <subfield code="z">S/A</subfield>
  </datafield>
  <datafield tag="952" ind1=" " ind2=" ">
    <subfield code="0">0</subfield>
    <subfield code="1">0</subfield>
    <subfield code="2">ddc</subfield>
    <subfield code="5">1</subfield>
    <subfield code="7">0</subfield>
    <subfield code="8">MO</subfield>
    <subfield code="a">BNPHU</subfield>
    <subfield code="b">PD</subfield>
    <subfield code="c">CT</subfield>
    <subfield code="d">2018-09-10</subfield>
    <subfield code="e">Deposito Legal</subfield>
    <subfield code="l">0</subfield>
    <subfield code="o">BNPHU PD 373.011 R426d</subfield>
    <subfield code="p">2021-26216</subfield>
    <subfield code="r">2021-09-07</subfield>
    <subfield code="t">e.2</subfield>
    <subfield code="w">2021-09-07</subfield>
    <subfield code="y">LBS1</subfield>
    <subfield code="z">S/A</subfield>
  </datafield>
  <datafield tag="952" ind1=" " ind2=" ">
    <subfield code="0">0</subfield>
    <subfield code="1">0</subfield>
    <subfield code="2">ddc</subfield>
    <subfield code="7">5</subfield>
    <subfield code="8">MO</subfield>
    <subfield code="a">BNPHU</subfield>
    <subfield code="b">DO</subfield>
    <subfield code="c">HD</subfield>
    <subfield code="d">2018-09-10</subfield>
    <subfield code="e">Deposito Legal</subfield>
    <subfield code="l">0</subfield>
    <subfield code="o">BNPHU DS 373.011 R426d</subfield>
    <subfield code="p">2021-26217</subfield>
    <subfield code="r">2021-09-07</subfield>
    <subfield code="t">e.3</subfield>
    <subfield code="w">2021-09-07</subfield>
    <subfield code="y">LBS1</subfield>
    <subfield code="z">S/A</subfield>
  </datafield>
  <datafield tag="999" ind1=" " ind2=" ">
    <subfield code="c">50444</subfield>
    <subfield code="d">50444</subfield>
  </datafield>
</record>
